| 000 | 00992nam a22003257a 4500 | ||
|---|---|---|---|
| 003 | CHAP | ||
| 005 | 20220329133749.0 | ||
| 008 | 971013c19081895 r 00010 d | ||
| 010 | _a10527 | ||
| 011 | _a11499 | ||
| 035 | _a10737 | ||
| 040 | _cCHAP | ||
| 082 |
_a549 _bD33 1908 |
||
| 100 | 0 | 0 |
_aDana, Edward Salisbury. _931013 |
| 245 | _aMinerals, and how to study them | ||
| 250 | _a2 ed | ||
| 260 |
_aNew York : _bWiley, _c1908 (c.1895) |
||
| 300 |
_a380 p. _b: ilus |
||
| 590 |
_aBATCH-UPD _b10 _c20130110 _lUCH01 _h2123 |
||
| 590 |
_aBATCH-UPD _b10 _c20130410 _lUCH01 _h1432 |
||
| 590 |
_aBATCH-UPD _b10 _c20130914 _lUCH01 _h1058 |
||
| 590 |
_aCONVERSION _b10 _c20130109 _lUCH01 _h1307 |
||
| 650 | 1 | 4 |
_aCristalografĂa. _928986 |
| 650 | 1 | 4 |
_aMineralogĂa. _975940 |
| 901 | _aBK | ||
| 942 | _cLIBRO | ||
| 949 |
_a549 D33 1908 _bBC _cBPP _d-22506 _eBPP _i10737 _si |
||
| 949 |
_a549 D33 1908 _bBC _cBPP _d-22507 _eBPP _fc.2 _i10737 _si |
||
| 949 |
_a549 D33 1908 _bBC _cBPP _d-22508 _eBPP _fc.3 _i10737 _si |
||
| 999 |
_c10527 _d10527 |
||